| 000 | 00697nam a22001817a 4500 | ||
|---|---|---|---|
| 008 | 250707b |||||||| |||| 00| 0 eng d | ||
| 020 | _a9798396671065 | ||
| 050 |
_aHD30.2 _b.P46 2023 |
||
| 100 | _aPenn, Nicholas | ||
| 245 |
_aAI Revolution 2023: _bHarnessing Artificial Intelligence for Profitable Startups and Business Success / _cNicholas Penn. |
||
| 260 |
_aUnited States : _bIndependently published, _c2023. |
||
| 300 |
_a156p. ; _c23cm. |
||
| 650 |
_aArtificial intelligence _xEconomic aspects |
||
| 650 |
_aBusiness _xData processing |
||
| 650 |
_aEntrepreneurship _xTechnological innovations |
||
| 650 |
_aStartups _xManagement |
||
| 942 |
_2lcc _cBOOKS _hHD30.2 .P46 2023 |
||
| 999 |
_c32281 _d32281 |
||